Periodismo radiofónico /

Se explica lo fundamental del ejercicio de la profesión de informar al público a través de los noticiarios de radio y televisión. El libro es resultado de una serie de conferencias del autor en la Escuela de Periodismo de la Universidad de Nicaragua. Se abarcan temas tales como historia, fuentes, me...

Whakaahuatanga katoa

I tiakina i:
Ngā taipitopito rārangi puna kōrero
Kaituhi matua: Newman, John F. (autor)
Hōputu: Pukapuka
Reo:Pāniora
I whakaputaina: México : Limusa, 1966, c1966
Ngā marau:
Ngā Tūtohu: Tāpirihia he Tūtohu
Kāore He Tūtohu, Me noho koe te mea tuatahi ki te tūtohu i tēnei pūkete!

MARC

LEADER 00000nam^a2200000^a^4500
001 000000491
005 20250521000000.0
009 20260310083028.271
037 |a Acervo ITESO - Biblioteca 
041 |a ESP 
082 |a 302. 2332  |b NEW 
100 |a Newman, John F.  |e (autor) 
245 1 0 |a Periodismo radiofónico /  |c J. F. Newman ; tr. por Eduardo Infante. 
264 4 |a México :  |b Limusa,  |c 1966, c1966 
300 |a 187 p. 
336 |a texto  |b txt  |2 rdacontenido 
337 |a sin mediación  |b n  |2 rdamedio 
338 |a volumen  |b nc  |2 rdasoporte 
520 |a Se explica lo fundamental del ejercicio de la profesión de informar al público a través de los noticiarios de radio y televisión. El libro es resultado de una serie de conferencias del autor en la Escuela de Periodismo de la Universidad de Nicaragua. Se abarcan temas tales como historia, fuentes, medios materiales, técnica y ética del periodismo audiovisual. 
649 |a XX 
650 |a Periodismo Radiofónico 
650 |a Radio 
650 |a Medios de Comunicación 
650 |a Comunicación Masiva 
910 |a Fondo General 
920 |a Impresos - Libros 
930 |a Colección General 
905 |a 101 
901 |a 0004910100  |b IT1  |c ACC  |i 000491  |u 20250521 
901 |a 0004910200  |b IT1  |c ACC  |i 900587  |u 20250521 
902 |a https://opac.biblio.iteso.mx/vufind/Record/000000491